| 000 | 00439nam a2200181Ia 4500 | ||
|---|---|---|---|
| 008 | 180207s9999 xx 000 0 und d | ||
| 020 | _a9789810789916 | ||
| 050 | _bB642 2011 | ||
| 100 | _aBland, Nick | ||
| 245 | 4 | _aThe runaway hug / | |
| 245 | _cNick Bland and Freyah Blackwood. | ||
| 260 | _aNew York : | ||
| 260 | _bScholastic, | ||
| 260 | _c2011 | ||
| 300 | _aunpaged : | ||
| 300 | _bcolor illustration ; | ||
| 300 | _c26cm. | ||
| 999 |
_c355377 _d355377 |
||